Statistics for Cities Beginning With "G" on a Map

Click here to take the quiz!

General Stats

  • This quiz has been taken 15,603 times
    (15,601 since last reset)
  • The average score is 13 of 25

Answers on the Map

Answers color-coded by a green-red scale on the quiz's map according to % correct below.
 

Answer Stats

City% Correct
Glasgow
92%
Guatemala City
78%
Gdańsk
77%
Genova
76%
Georgetown
75%
Guangzhou
75%
Geneva
74%
Gothenburg
73%
Guadalajara
72%
Granada
66%
Gaza City
61%
Gaborone
54%
Giza
50%
Graz
48%
Guayaquil
44%
Green Bay
41%
Guantanamo
40%
Gold Coast
39%
Greensboro
37%
Grand Rapids
33%
Gomel
18%
Goiânia
17%
Gwangju
12%
Guiyang
10%
Gujranwala
10%

Score Distribution

Percentile by Number Answered

Percent of People with Each Score

Your Score History

You have not taken this quiz since the last reset